Top 30 : Playboi Carti - Statistiques

Statistiques générales
  • Ce quiz a été pris 126 fois
  • Le résultat moyen est 14 sur 30
Statistiques - réponses
Top Titres Featuring % Correct
1 FE!N Travis Scott
94%
3 Timeless The Weeknd
92%
2 Popular The Weeknd, Madonna
87%
6 CARNIVAL ¥$, Kanye West, Ty Dolla $ign, Rich The Kid
79%
8 Type Shit Metro Boomin, Future, Travis Scott
79%
5 Sky
78%
4 Magnolia
76%
23 RATHER LIE The Weeknd
71%
9 Miss The Rage Trippie Redd
70%
7 Shoota Lil Uzi Vert
60%
10 wokeuplikethis Lil Uzi Vert
56%
11 Location
51%
27 EVIL J0RDAN
49%
16 Long Time - Intro
45%
15 Pain 1993 Drake
45%
12 Fell In Luv Bryson Tiller
44%
29 Flex Leven Kali
40%
14 R.I.P.
38%
21 Stop Breathing
36%
24 Flex Up Lil Yachty, Future
30%
26 FIELD TRIP ¥$, Don Toliver, Kodak Black
29%
30 Love Hurts Travis Scott
29%
13 ILoveUIHateU
28%
17 Vamp Anthem
26%
20 New Tank
25%
28 Summer Bummer Lana Del Rey, A$AP Rocky
13%
19 Foreign
12%
25 RAF A$AP Rocky, A$AP Mob, Quavo, Lil Uzi Vert, Frank Ocean
11%
18 Baguettes in the Face Mustard, NAV, A Boogie wit da Hoodie
8%
22 FlatBed Freestyle
8%
Aucun quiz correspondant
Distribution des résultats
% des personnes avec chaque résultat
Percentile par nombre de réponses
Votre historique - résultats
Vous n’avez pas pris ce quiz